000
00296nam a2200109Ia 4500
005
20251222144830.0
008
251222s9999||||xx |||||||||||||| ||spa||
082
_a
973/E48
245
0
_a
ReseƱa de Historia de Estados Unidos
264
_b
Departamento de Estado de los Estados Unidos
942
_c
LIB
999
_c
20834
_d
20834